000 00729nam a22002177a 4500
003 UA-OsUOA
001 90758
007 ta
008 20121120b un ||||| |||| 00| 0 ukr d
100 _aФенцик О.
090 _a82
_bФ42
942 _cSA
040 _aUA-OsUOA
_bukr
_cUA-OsUOA
_dUA-OsUOA
245 _aПроблема вивчення епічного твору крізь вимір його змісту і форми в методичній науці
300 _aС.23-25
955 _a0
041 _aukr
080 _a82
773 0 _w90750
_tУкраїнська мова і література в школі
_dК.
_d2012
_g6
650 7 _a82 Література. Літературознавство
_2UDC
999 _c377035
_d377035